| 000 | 00731nam a2200229 a 4500 | ||
|---|---|---|---|
| 001 | 14164 | ||
| 003 | BD-JhCC | ||
| 005 | 20250204115224.0 | ||
| 008 | 250204b1998 us |||| ||a| 001 0 eng d | ||
| 020 | _a1558605207 | ||
| 035 | _a(BD-JhCC)14164 | ||
| 040 |
_aBD-JhCC _dBD-JhCC |
||
| 041 | _aEnglish | ||
| 082 |
_a004.2 _bASH 1998 |
||
| 100 | _a Ashenden,Peter J. | ||
| 245 |
_a The student's guide to VHDL / _cPeter J. Ashenden. |
||
| 260 |
_aAmerica: _bMorgan Kaufman Publishers; _c1998. |
||
| 300 |
_axvii, 312 p. : _bill; _c24 cm. |
||
| 651 |
_aDigitale systemen _vElectronic digital computers _xDesign and construction Data processing _yHDL (Computer hardware _zconstruction Informatique |
||
| 942 |
_2ddc _cBK |
||
| 999 |
_c14164 _d14164 |
||